The Oxford 3000 - Letter H - Translate from Polish to English - Statystyki

Ogólne statystyki
  • Ten quiz został rozwiązany 25 razy
  • Średni wynik to 77 z 99
Statystyki odpowiedzi
Polish Angielski % Poprawnych
włosy; włos hair
100%
ręka; dłoń; przekazywać; wręczać hand
100%
szczęśliwy happy
100%
trudny; twardy; ciężki; trudno; twardo; ciężko hard
100%
kapelusz; czapka hat
100%
mieć; posiadać have
100%
on he
100%
głowa; kierować czymś/się head
100%
serce heart
100%
helikopter; śmigłowiec helicopter
100%
pomagać; pomoc help
100%
jej; ją her
100%
tutaj; tu here
100%
bohater hero
100%
cześć hi
100%
historia history
100%
hobby hobby
100%
horror horror
100%
koń horse
100%
szpital; klinika hospital
100%
gorący; upalny hot
100%
hotel hotel
100%
godzina hour
100%
człowiek; ludzki human
100%
sto hundred
100%
głodny hungry
100%
połowa; połówka; pół half
93%
nienawidzić; nienawiść hate
93%
słyszeć; usłyszeć hear
93%
hej hey
93%
jego; jemu; mu; go him
93%
jego his
93%
hokej hockey
93%
święto; urlop; wypoczynek; wakacje holiday
93%
dom; domowy; w domu; do domu home
93%
dom; dawać komuś/czemuś budynek do zamieszkania, przechowywania house
93%
jak how
93%
humor humor
93%
mąż husband
93%
hol; przedpokój; hala; sala hall
86%
zdrowie health
86%
zdrowy healthy
86%
piekło(religia) hell
86%
cześć; witam; witaj; pozdrowienie; przywitanie hello
86%
wysoki; wysoko; szkoła średnia high
86%
historyczny historic
86%
praca domowa homework
86%
ogromny; wielki; olbrzymi huge
86%
szczęście happiness
79%
musieć have to
79%
ból głowy headache
79%
ciężki heavy
79%
wysokość; wzrost height
79%
pomocny helpful
79%
ukrywać; chować; schować hide
79%
wzgórze; pagórek hill
79%
historyczny(związany) historical
79%
uderzać; trafić; uderzenie; trafienie; przebój hit
79%
otwór; dziura; dołek hole
79%
zaszczyt; honor; wyróżnienie; uhonorować; czcić honor
79%
mieć nadzieje; nadzieja hope
79%
ranić; boleć; ranny; zraniony; ranienie hurt
79%
stać się; wydarzyć się; zdarzyć się happen
71%
słuch; przesłuchanie hearing
71%
ciepło; grzać; ogrzać; nagrzać; podgrzać heat
71%
niebo(religia) heaven
71%
pięta; obcas heel
71%
jej(bez rzeczownika) hers
71%
szczery; uczciwy; rzetelny honest
71%
okropny; straszliwy; fatalny horrible
71%
jednak; jednakże however
71%
nawyk; przyzwyczajenie habit
64%
szczęśliwie happily
64%
autostrada highway
64%
on sam; sam; siebie; się himself
64%
zatrudniać; wynająć; pracownik; zatrudniony hire
64%
święty holy
64%
gospodarz; gościć host
64%
spieszyć się; pośpiech hurry
64%
wieszać; wisieć; powiesić; zawiesić hang
57%
ona sama; sama; siebie; się herself
57%
trzymać; pomieścić; posiadać; uchwyt; trzymanie; ładownia hold
57%
polować; polowanie hunt
57%
polowanie; łowiectwo; myślistwo; łowy hunting
57%
huragan hurricane
57%
uchwyt; rękojeść; klamka; obsługiwać; radzić sobie handle
50%
ledwie; prawie wcale; prawie nie hardly
50%
krzywda; uszkodzenie; krzywdzić; zaszkodzić; ranić harm
50%
szkodliwy; krzywdzący harmful
50%
nagłówek headline
50%
ogrzewanie; grzanie heating
50%
humorystyczny humorous
43%
wahać się; zawahać się hesitate
36%
gospodarstwo domowe household
36%
silnie; mocno heavily
29%
zaznaczyć; podkreślać; ważny moment; atrakcja highlight
29%
bardzo; niezwykle; niesłychanie highly
21%
pusty; dziurawy hollow
21%
warunki mieszkaniowe; obudowa housing
7%
Nie znaleziono quizów pasujących do podanych kryteriów
Rozkład punktacji
Procent ludzi z każdym wynikiem
Percentyl według liczby udzielonych odpowiedzi
Twoja historia wyników
Nie rozwiązałeś tego quizu